Globalization, Europe and Regional Identity : (Record no. 178902)
[ view plain ]
| 000 -LEADER | |
|---|---|
| fixed length control field | 00918nam a2200241 u 4500 |
| 001 - CONTROL NUMBER | |
| control field | 000486253 |
| 003 - CONTROL NUMBER IDENTIFIER | |
| control field | AM-YeHGA |
| 005 - DATE AND TIME OF LATEST TRANSACTION | |
| control field | 20250617134249.0 |
| 008 - FIXED-LENGTH DATA ELEMENTS--GENERAL INFORMATION | |
| fixed length control field | 060502s2004 li |||||r|||||000|0|eng|d |
| 020 ## - INTERNATIONAL STANDARD BOOK NUMBER | |
| International Standard Book Number | 9986080398 |
| 040 ## - CATALOGING SOURCE | |
| Original cataloging agency | AM-YeHGA |
| 041 1# - LANGUAGE CODE | |
| Language code of text/sound track or separate title | eng |
| 090 ## - LOCALLY ASSIGNED LC-TYPE CALL NUMBER (OCLC); LOCAL CALL NUMBER (RLIN) | |
| -- | 180350 |
| 111 2# - MAIN ENTRY--MEETING NAME | |
| Meeting name or jurisdiction name as entry element | Baltic Conference on Intellectual Cooperation |
| Number of part/section/meeting | (9th : |
| Date of meeting or treaty signing | 2003 : |
| Location of meeting | Vilnius, Lithuania) |
| 245 10 - TITLE STATEMENT | |
| Title | Globalization, Europe and Regional Identity : |
| Remainder of title | 9th Baltic Conference on Intellectual Cooperation : 6-7 June 2003, Vilnius, Lithuania / |
| Statement of responsibility, etc. | [Comp. by Vytautas Puronas, Violeta Skirgailiene; Transl. ed.: Grazvydas Kirvaitis]. |
| 260 ## - PUBLICATION, DISTRIBUTION, ETC. | |
| Place of publication, distribution, etc. | Vilnius : |
| Name of publisher, distributor, etc. | Lithuanian Academy of Sciences, |
| Date of publication, distribution, etc. | 2004. |
| 300 ## - PHYSICAL DESCRIPTION | |
| Extent | 154 p. : |
| Other physical details | ill. |
| 504 ## - BIBLIOGRAPHY, ETC. NOTE | |
| Bibliography, etc. note | Includes bibliogr. references |
| 650 14 - SUBJECT ADDED ENTRY--TOPICAL TERM | |
| Topical term or geographic name entry element | Globalization |
| Geographic subdivision | Europe |
| 700 1# - ADDED ENTRY--PERSONAL NAME | |
| Personal name | Puronas, Vytautas |
| Relationship | cmp |
| 700 1# - ADDED ENTRY--PERSONAL NAME | |
| Personal name | Skirgailiene, Violeta |
| Relationship | cmp |
| 700 1# - ADDED ENTRY--PERSONAL NAME | |
| Personal name | Kirvaitis, Grazvydas |
| Relationship | trl |
| Withdrawn status | Lost status | Damaged status | Not for loan | Collection | Home library | Current library | Date acquired | Total checkouts | Full call number | Barcode | Date last seen | Price effective from | Koha item type | Public note |
|---|---|---|---|---|---|---|---|---|---|---|---|---|---|---|
| General | Fundamental Scientific Library | Fundamental Scientific Library | 28/12/2016 | 32(100) | 320113010 | 28/12/2016 | 28/12/2016 | Գրքեր / Books | 30 Days Loan |
ՀՀ Գիտությունների ազգային ակադեմիայի հիմնարար գիտական գրադարան = Fundamental Scientific Library of NAS RA
All site content, except where otherwise noted, is licensed under a